000 00500nam a2200181Ia 4500
005 20250508152512.0
008 008 250505s9999 xx 000 0 hin d
037 _aTextual
040 _aFEDL
_beng
_cFEDL
041 _ahin
_2eng
084 _a784.93, SHA
_qFEDL
100 _aShastri Vasudev
245 0 _aSangeet sastra
260 _aUttar Pradesh, India
_bPrakashan Shakha, Suchna Vibhag
_c1959
300 _a429p.
942 _cTEXL
_h784.93, SHA
999 _c1336839
_d1336839